Verzögerter Aufschwung Thesen zum 23. Kieler Konjunkturgespräch

Na minha lista:
Detalhes bibliográficos
Formato: Livro
Idioma:alemão
Publicado em: Kiel Institut für Weltwirtschaft 1981
Colecção:Kieler Diskussionsbeiträge 75
Tags: Adicionar Tag
Sem tags, seja o primeiro a adicionar uma tag!

MARC

LEADER 00000nam a2200000 4500
001 c112845
005 20181203150321.5
041 0 |a ger 
044 |a DE 
245 1 0 |a Verzögerter Aufschwung  |b Thesen zum 23. Kieler Konjunkturgespräch 
264 1 |a Kiel  |b Institut für Weltwirtschaft  |c 1981 
300 |a 28 s. 
490 1 |a Kieler Diskussionsbeiträge  |v 75 
830 0 |a Kieler Diskussionsbeiträge  |v 75